The expandig universe

Saved in:
Bibliographic Details
Main Author: Eddington, Arthur S (Author)
Format: Book
Language:English
Published: Cambridge The Cambridge University 1933
Subjects:
Tags: Add Tag
No Tags, Be the first to tag this record!

MARC

LEADER 00000nam a2200000 a 4500
001 UCZ5710
003 CL-VaPUC
008 951124e19330000UK |||||||||||||||||eng|d
082 0 4 |a 520.1  |b EDD  |2 21 
100 0 |a Eddington, Arthur S  |e author  |9 349867 
245 1 4 |a The expandig universe 
300 |a 127 p 
942 |c BK 
945 |d 19951124 00:00:00  |a cmena 
260 |a Cambridge  |b The Cambridge University  |c 1933 
650 0 |a Astronomía  |9 260985 
650 7 |a CIENCIAS DEL ESPACIO  |2 CL-VaPUC  |9 346032 
650 0 |a Astronomía esférica  |9 349868 
650 7 |a MECANICA CELESTE  |2 CL-VaPUC  |9 269941 
650 0 |a Átomos  |9 259583 
583 |a last modification  |c 20130411 10:21:23  |k Rodrigo Vera 
999 |c 242000  |d 241998 
952 |0 0  |1 0  |4 0  |6 520_100000000000000_EDD_1933  |7 0  |8 P  |9 254661  |a BIBEDU  |b BIBEDU  |c BIBEDU_PB  |d 2019-11-19  |i 157633K  |o 520.1 EDD 1933  |p 157633K  |r 2024-01-25  |w 2019-11-19  |y BK  |k FIL